<?xml version="1.0" encoding="UTF-8"?><?xml-stylesheet type="text/xsl" href="static/style.xsl"?><OAI-PMH xmlns="http://www.openarchives.org/OAI/2.0/" xmlns:xsi="http://www.w3.org/2001/XMLSchema-instance" xsi:schemaLocation="http://www.openarchives.org/OAI/2.0/ http://www.openarchives.org/OAI/2.0/OAI-PMH.xsd"><responseDate>2026-04-27T21:29:00Z</responseDate><request verb="GetRecord" identifier="oai:uvadoc.uva.es:10324/850" metadataPrefix="marc">https://uvadoc.uva.es/oai/request</request><GetRecord><record><header><identifier>oai:uvadoc.uva.es:10324/850</identifier><datestamp>2021-06-23T16:39:27Z</datestamp><setSpec>com_10324_30605</setSpec><setSpec>com_10324_894</setSpec><setSpec>col_10324_41</setSpec></header><metadata><record xmlns="http://www.loc.gov/MARC21/slim" xmlns:doc="http://www.lyncode.com/xoai" xmlns:xsi="http://www.w3.org/2001/XMLSchema-instance" xmlns:dcterms="http://purl.org/dc/terms/" xsi:schemaLocation="http://www.loc.gov/MARC21/slim http://www.loc.gov/standards/marcxml/schema/MARC21slim.xsd">
<leader>00925njm 22002777a 4500</leader>
<datafield tag="042" ind1=" " ind2=" ">
<subfield code="a">dc</subfield>
</datafield>
<datafield tag="720" ind1=" " ind2=" ">
<subfield code="a">Arranz de la Fuente, Isabel</subfield>
<subfield code="e">author</subfield>
</datafield>
<datafield tag="260" ind1=" " ind2=" ">
<subfield code="c">2010</subfield>
</datafield>
<datafield tag="520" ind1=" " ind2=" ">
<subfield code="a">El objetivo principal del trabajo es analizar la influencia de la luminancia en la medida de letras de contraste umbral. Dicha influencia será evaluada para distintos tamaños angulares, en diferentes condiciones de luminancia del entorno y de la luminancia que circunscribe el optotipo, que denominaremos luminancia del test. Se analizará también la influencia de las diferentes distribuciones espectrales de luminancia, que podrían ser emitidas por iluminantes típicos de un gabinete de la función visual, sobre las letras de contraste umbral. A partir de los resultados obtenidos se podrán concretar los principios técnicos que sirvan de base para el establecimiento de un correcto protocolo de medida.</subfield>
</datafield>
<datafield tag="024" ind2=" " ind1="8">
<subfield code="a">http://uvadoc.uva.es/handle/10324/850</subfield>
</datafield>
<datafield tag="024" ind2=" " ind1="8">
<subfield code="a">b1614070</subfield>
</datafield>
<datafield tag="024" ind2=" " ind1="8">
<subfield code="a">10.35376/10324/850</subfield>
</datafield>
<datafield ind1=" " ind2=" " tag="653">
<subfield code="a">Luminancia</subfield>
</datafield>
<datafield tag="245" ind1="0" ind2="0">
<subfield code="a">Estudio de la influencia de la luminancia ambiental en la medida de la sensibilidad al contraste de letras</subfield>
</datafield>
</record></metadata></record></GetRecord></OAI-PMH>